Vykurovanie a chladenie elektromobilov
Uložené v:
| Hlavný autor: | |
|---|---|
| Ďalší autori: | |
| Médium: | Rukopis Kniha |
| Jazyk: | Slovak |
| Vydavateľské údaje: |
2021
|
| Predmet: | |
| On-line prístup: | http://is.stuba.sk/zp/portal_zp.pl?podrobnosti=146040 |
| Tagy: |
Žiadne tagy, Buďte prvý, kto otaguje tento záznam!
|
MARC
| LEADER | 00000ntm a22000003a 4500 | ||
|---|---|---|---|
| 001 | stuzp66248 | ||
| 003 | SK-STU | ||
| 005 | 20210904210505.6 | ||
| 007 | ta | ||
| 008 | 150427s2015----xo-----f-mn---000-0-slo-d | ||
| 040 | |a STU |b slo | ||
| 041 | 0 | |a slo | |
| 100 | 1 | |a Gschwandtner, Libor |u 020060 |4 aut |U SjF Strojnícka fakulta |T SjF Ústav energetických strojov a zariadení |X 57898 |U J0060 |Y 805 |7 A000057898 | |
| 242 | 0 | 1 | |a Heating and Air-conditiong of electromobiles |y eng |
| 245 | 1 | 0 | |a Vykurovanie a chladenie elektromobilov |
| 260 | |c 2021 | ||
| 650 | 4 | |a vykurovacie výkony |2 slo | |
| 650 | 4 | |a dojazd elektromobilu |2 slo | |
| 650 | 4 | |a tepelný akumulátor |2 slo | |
| 650 | 4 | |a koligatívne vlastnosti roztokov |2 slo | |
| 650 | 4 | |a merania na akumulátore v reálnych podmienkach |2 slo | |
| 650 | 4 | |a the needed values of heating power |2 eng | |
| 650 | 4 | |a drivig range of the electric vehicles |2 eng | |
| 650 | 4 | |a heat accumulator |2 eng | |
| 650 | 4 | |a the colligative properties of ionic solutions |2 eng | |
| 650 | 4 | |a measurements on the heat accumulator in the real conditions |2 eng | |
| 700 | 1 | |a Masaryk, Michal |u 020060 |k Z1 |4 ths |U SjF Strojnícka fakulta |T SjF Ústav energetických strojov a zariadení |X 3392 |U J0060 |Y 805 |7 A000003392 | |
| 856 | 4 | |u http://is.stuba.sk/zp/portal_zp.pl?podrobnosti=146040 | |
| 996 | |b 284J046679 |c J* 119080 |l JJST |s P |a 0 |w stuzp66248_0001 | ||